000 01051cam a2200289 a 4500
001 4261001
003 NUST-PNEC
005 20170116180713.0
008 841205s1984 nyu d 000 0 eng
010 _a 84028853
020 _a0070454140
_c$15.95 (est.)
040 _cPNEC
050 0 0 _aTJ9
_b.M395 1984
082 0 0 _a620.003 PAR
100 _9631
_aParker Sybil P
245 0 0 _aMcGraw-Hill dictionary of mechanical and design engineering /
_cSybil P. Parker, editor in chief.
260 _aNew York :
_bMcGraw-Hill Book Co.,
_cc1984.
300 _a387 p. ;
_c22 cm.
500 _ahttp://www.amazon.com/McGraw-Hill-Dictionary-Mechanical-Design-Engineering/dp/0070454140/ref=sr_1_1?ie=UTF8&qid=1413436766&sr=8-1&keywords=0070454140
650 0 _aMechanical engineering
_xME
650 0 _aEngineering design
_xDictionaries.
700 1 _aParker, Sybil P.
710 2 _aMcGraw-Hill Book Company.
740 0 _aDictionary of mechanical and design engineering.
906 _a7
_bcbc
_corignew
_d1
_eocip
_f19
_gy-gencatlg
942 _2ddc
_cBK
999 _c61068
_d61068